Top 100 najdroższych piłkarzy na świecie - Statystyki

Ogólne statystyki
  • Ten quiz został rozwiązany 118 razy
  • Średni wynik to 45 z 100
Statystyki odpowiedzi
Miejsce Piłkarz Klub Wartość % Poprawnych
1 Lamine Yamal FC Barcelona 200 mln.€
97%
2 Erling Haaland Manchester City 200 mln.€
95%
3 Kylian Mbappe Real Madryt 200 mln.€
95%
66 Micky van de Ven Tottenham Hotspur 65 mln.€
92%
4 Jude Bellingham Real Madryt 160 mln.€
86%
6 Pedri FC Barcelona 140 mln.€
84%
9 Bukayo Saka Arsenal Londyn 130 mln.€
83%
10 Cole Palmer Chelsea Londyn 120 mln.€
81%
7 Jamal Musiala Bayern Monachium 130 mln.€
80%
8 Michael Olise Bayern Monachium 130 mln.€
80%
5 Vinicius Junior Real Madryt 150 mln.€
78%
12 Declan Rice Arsenal Londyn 120 mln.€
75%
29 Lautaro Martinez Inter Mediolan 85 mln.€
72%
19 Ousmane Dembele Paris Saint-Germain 100 mln.€
72%
20 Desire Doue Paris Saint-Germain 90 mln.€
70%
13 Alexander Isak Liverpool FC 120 mln.€
66%
16 Florian Wirtz Liverpool FC 110 mln.€
66%
87 Rodrygo Real Madryt 60 mln.€
66%
18 Julian Alvarez Atletico Madryt 100 mln.€
64%
32 Raphinha FC Barcelona 80 mln.€
64%
11 Federico Valverde Real Madryt 120 mln.€
63%
53 Luis Diaz Bayern Monachium 70 mln.€
63%
58 Rafael Leao AC Milan 70 mln.€
63%
17 Vitinha Paris Saint-Germain 110 mln.€
59%
26 Enzo Fernandez Chelsea Londyn 85 mln.€
58%
14 Moises Caicedo Chelsea FC 110 mln.€
56%
23 William Saliba Arsenal Londyn 90 mln.€
56%
37 Nuno Mendes Paris Saint-Germain 75 mln.€
53%
31 Pau Cubarsi FC Barcelona 80 mln.€
53%
60 Viktor Gyokeres Arsenal Londyn 70 mln.€
53%
62 Nico Paz Como 1907 65 mln.€
52%
22 Kchvicha Kvaratskhelia Paris Saint-Germain 90 mln.€
50%
76 Alvaro Carreras Real Madryt 60 mln.€
48%
84 Anthony Gordon Newcastle United 60 mln.€
48%
21 Arda Guler Real Madryt 90 mln.€
48%
48 Bradley Barcola Paris Saint-Germain 70 mln.€
48%
42 Bryan Mbeumo Manchester United 75 mln.€
48%
47 Dean Huijsen Real Madryt 70 mln.€
48%
34 Achraf Hakimi Paris Saint-Germain 80 mln.€
47%
81 Benjamin Sesko Manchester United 60 mln.€
47%
28 Dominik Szoboszlai Liverpool FC 85 mln.€
47%
25 Hugo Ekitike Liverpool FC 85 mln.€
47%
15 Joao Neves Paris Saint-Germain 110 mln.€
47%
43 Victor Osimhen Galatasaray 75 mln.€
47%
35 Alessandro Bastoni Inter Mediolan 80 mln.€
45%
41 Aurelien Tchouameni Real Madryt 75 mln.€
45%
51 Matheus Cunha Manchester United 70 mln.€
45%
27 Alexis Mac Allister Liverpool FC 85 mln.€
44%
36 Kenan Yildiz Juventus Turyn 75 mln.€
44%
46 Martin Odegaard Arsenal Londyn 75 mln.€
44%
93 Nicolo Barella Inter Mediolan 60 mln.€
44%
79 Nico Williams Athletic Bilbao 60 mln.€
44%
33 Phil Foden Manchester City 80 mln.€
44%
45 Rodri Manchester City 75 mln.€
44%
50 Fermin Lopez FC Barcelona 70 mln.€
41%
89 Marcus Thuram Inter Mediolan 60 mln.€
41%
91 Dani Olmo FC Barcelona 60 mln.€
39%
64 Joao Pedro Chelsea Londyn 65 mln.€
39%
74 Lenart Karl Bayern Moanchium 60 mln.€
39%
49 Willian Pacho Paris Saint-Germain 70 mln.€
39%
30 Estevao Chelsea Londyn 80 mln.€
38%
72 Jules Kounde FC Barcelona 65 mln.€
38%
40 Martin Zubimendi Arsenal Londyn 75 mln.€
38%
61 Trent Alexander-Arnold Real Madryt 70 mln.€
38%
92 Ruben Dias Manchester City 60 mln.€
36%
80 Alejandro Balde FC Barcelona 60 mln.€
34%
52 Morgan Rogers Aston Villa 70 mln.€
34%
65 Antoine Semenyo Manchester City 65 mln.€
33%
56 Cody Gakpo Liverpool FC 70 mln.€
33%
68 Eberechi Eze Arsenal Londyn 65 mln.€
33%
38 Bruno Guimaraes Newcastle United 75 mln.€
31%
59 Dayot Upamecano Bayern Monachium 70 mln.€
31%
67 Jeremy Doku Manchester City 65 mln.€
31%
54 Josko Gvardiol Manchester City 70 mln.€
31%
55 Nick Woltemade Newcastle United 70 mln.€
31%
85 Karim Adeyemi Borussia Dortmund 60 mln.€
30%
24 Ryan Gravenberch Liverpool FC 90 mln.€
30%
95 Leny Yoro Manchester United 55 mln.€
27%
71 Morgan Gibbs-White Nottingham Forest 65 mln.€
27%
70 Omar Marmoush Manchester City 65 mln.€
27%
83 Xavi Simons Tottenham Hotspur 60 mln.€
27%
57 Jurrien Timber Arsenal Londyn 70 mln.€
25%
100 Kai Havertz Arsenal Londyn 55 mln.€
25%
44 Sandro Tonali Newcastle United 75 mln.€
25%
88 Cristian Romero Tottenham Hotspur 60 mln.€
23%
86 Pedro Neto Chelsea Londyn 60 mln.€
23%
39 Gabriel Magalhaes Arsenal Londyn 75 mln.€
20%
90 Christian Pulisic AC Milan 60 mln.€
19%
94 Murillo Nottingham Forest 55 mln.€
19%
63 Alexandar Pavlovic Bayern Monachium 65 mln.€
17%
75 Carlos Baleba Brighton & Hove Albion 60 mln.€
17%
69 Tijjani Reijnders Manchester City 65 mln.€
17%
78 Adam Wharton Crystal Palace 60 mln.€
14%
99 Nico Schlotterbeck Borussia Dortmund 55 mln.€
14%
77 Pablo Barrios Atletico Madryt 60 mln.€
14%
98 Marc Guehi Manchester City 55 mln.€
9%
73 Harry Kane Bayern Monachium 65 mln.€
8%
97 Mohammed Kudus Tottenham Hotspur 55 mln.€
8%
96 Alex Baena Atletico Madryt 55 mln.€
6%
82 Elliot Anderson Nottingham Forest 60 mln.€
6%
Nie znaleziono quizów pasujących do podanych kryteriów
Rozkład punktacji
Procent ludzi z każdym wynikiem
Percentyl według liczby udzielonych odpowiedzi
Twoja historia wyników
Nie rozwiązałeś tego quizu